Lithuanian things [pic] - Statistics

General Stats
  • This quiz has been taken 48 times
  • The average score is 6 of 16
Answer Stats
Picture Answer % Correct
Trakai
79%
Amber
77%
Beer
72%
Basketball
67%
White Stork
63%
Šakotis
60%
Vytautas the Great
51%
Iron Wolf
44%
Rye bread
23%
Geographical Center of Europe
21%
Lituanica
21%
Curonian Spit
16%
Vingis Park
16%
Gediminas' Tower
12%
Emilia Plater
9%
The King of Book Smugglers
7%
No matching quizzes found
Score Distribution
Percent of People with Each Score
Percentile by Number Answered
Your Score History
You have not taken this quiz